书目信息 |
| 题名: |
冲击与反响
|
|
| 作者: | 何兆武 著 | |
| 分册: | ||
| 出版信息: | 上海 学林出版社 2020.01 |
|
| 页数: | 181页 | |
| 开本: | 19cm | |
| 丛书名: | ||
| 单 册: | ||
| 中图分类: | G04-53 | |
| 科图分类: | ||
| 主题词: | 东西文化--dong xi wen hua--比较文化--文集 | |
| 电子资源: | ||
| ISBN: | 978-7-5486-1578-1 | |
| 000 | 00902nam0 2200241 450 | |
| 001 | 0109110133 | |
| 005 | 20201109110336.0 | |
| 010 | @a978-7-5486-1578-1@dCNY45.00 | |
| 100 | @a20200408d2020 em y0chiy50 ea | |
| 101 | 0 | @achi |
| 102 | @aCN@b310000 | |
| 105 | @ay z 000yy | |
| 106 | @ar | |
| 200 | 1 | @a冲击与反响@Achong ji yu fan xiang@e何兆武谈文化@f何兆武著 |
| 210 | @a上海@c学林出版社@d2020.01 | |
| 215 | @a181页@d19cm | |
| 300 | @a何兆武思想文化随笔 | |
| 330 | @a本书作者围绕明以来中学与西学之争、中西文化冲突与交流,以及文化传统与观念的冲突等问题,以史家的洞见,分析了中西文化冲突的根源,指出“学”有高低、精粗、真伪之分,但无高低优劣之分;兼容并包、文化融合、科技进步才是文明发展的关键。 | |
| 606 | 0 | @a东西文化@Adong xi wen hua@x比较文化@j文集 |
| 690 | @aG04-53@v5 | |
| 701 | 0 | @a何兆武@Ahe zhao wu@f(1921-)@4著 |
| 801 | 0 | @aCN@bBJSZM@c20201103 |
| 905 | @b1267840-1@dG04-53@e147@f2 | |
| 冲击与反响:何兆武谈文化/何兆武著.-上海:学林出版社,2020.01 |
| 181页;19cm |
| 何兆武思想文化随笔 |
| ISBN 978-7-5486-1578-1:CNY45.00 |
| 本书作者围绕明以来中学与西学之争、中西文化冲突与交流,以及文化传统与观念的冲突等问题,以史家的洞见,分析了中西文化冲突的根源,指出“学”有高低、精粗、真伪之分,但无高低优劣之分;兼容并包、文化融合、科技进步才是文明发展的关键。 |
| ● |
| 相关链接 |
|
|
|
|
正题名:冲击与反响
索取号:G04-53/147
 
预约/预借
| 序号 | 登录号 | 条形码 | 馆藏地/架位号 | 状态 | 备注 |
| 1 | 1267840 | 212678404 | 第一样本阅览室/ [索取号:G04-53/147] | 在馆 | |
| 2 | 1267841 | 212678413 | 第四借阅区/ [索取号:G04-53/147] | 在馆 |